| 000 | 01202njm a22002657a 4500 | ||
|---|---|---|---|
| 005 | 20100904151523.0 | ||
| 006 | a|||||r|||||00| 0 | ||
| 007 | sd ammalaaahaa | ||
| 008 | 100830t xxu||||| |||| 00| 0 eng d | ||
| 028 |
_aN.52999 _bHis Master's Voice |
||
| 035 | _aGR-570 | ||
| 040 |
_aSED _cSED |
||
| 100 | _917814 | ||
| 245 |
_aMukti / _csung by Lata Mangeshkar; music by Molai Chakrovarti; lyrics by Munir Arzoo Kazmi _h[soung recording] : |
||
| 246 | _aमुक्ति / | ||
| 260 |
_bHis Master's Voice _aDum Dum, India |
||
| 300 |
_a1 sound disc [Gramophone Recording] : _banalog, 33 1/3 rpm _c9.5 in (MP) _fGramophone Record |
||
| 500 | _aBrief record | ||
| 505 | _aSide-1 दिल लुभा के मेरे साथी भूल जाना ना (Dil lubha ke mere sathi bhul jana na) (Lata Mangeshkar) Side-2 बुझ जाये जो ज्योति जल जल कर (Bujh jaye jo jyoti jal jal kar) (Asha Bhosle) | ||
| 650 |
_bClassical Music _xExcerpts. _zIndia _917460 |
||
| 700 |
_aChakrovarti, Molai _918408 |
||
| 700 |
_aMunir Arzoo Kazmi _918409 |
||
| 942 |
_2ddc _cGR |
||
| 999 |
_c43815 _d43815 |
||